书目信息 |
| 题名: |
麻辣白玉堂系列
|
|
| 作者: | 谈歌 著 ;耳菜 点评 | |
| 分册: | 8 关山月 | |
| 出版信息: | 北京 作家出版社有限公司 2024.08 |
|
| 页数: | 243页 | |
| 开本: | 21cm | |
| 丛书名: | ||
| 单 册: | ||
| 中图分类: | I247.58 | |
| 科图分类: | ||
| 主题词: | 侠义小说--中国--当代 , 长篇小说--中国--当代 | |
| 电子资源: | ||
| ISBN: | 978-7-5212-2981-3 | |
| 000 | 01017nam0 2200253 450 | |
| 001 | 012649727 | |
| 005 | 20251022130859.80 | |
| 010 | @a978-7-5212-2981-3@dCNY42.00 | |
| 100 | @a20240814d2024 em y0chiy0120 ea | |
| 101 | 0 | @achi |
| 102 | @aCN@b110000 | |
| 105 | @ay z 000ay | |
| 106 | @ar | |
| 200 | 1 | @a麻辣白玉堂系列@9ma la bai yu tang xi lie@h8@i关山月@f谈歌著@g耳菜点评 |
| 210 | @a北京@c作家出版社有限公司@d2024.08 | |
| 215 | @a243页@d21cm | |
| 330 | @a本书讲述了:乐谱《关山月》和演奏它的乐器蟒皮琴可以在战场上大杀四方,为了得到它们,皇子们各自派出自己的心腹宦官、皇亲国戚开始了追杀、收缴。白玉堂奉包拯之命缉拿案犯,却发现包拯竟派人跟踪自己,面对突然死去的双面间谍富商、下诏的太子,同门师弟的诡异,乐谱和蟒皮琴背后的真相,案子越来越扑朔迷离了……。 | |
| 606 | 0 | @a侠义小说@y中国@z当代 |
| 606 | 0 | @a长篇小说@y中国@z当代 |
| 690 | @aI247.58@v5 | |
| 701 | 0 | @a谈歌@9tan ge@f(1954-)@4著 |
| 702 | 0 | @a耳菜@9er cai@4点评 |
| 801 | 0 | @aCN@c20250910 |
| 905 | @a河南城建学院图书馆@dI247.58@eT088:8@ZT088:8@f1 | |
| 麻辣白玉堂系列.8.关山月/谈歌著/耳菜点评.-北京:作家出版社有限公司,2024.08 |
| 243页;21cm |
| ISBN 978-7-5212-2981-3:CNY42.00 |
| 本书讲述了:乐谱《关山月》和演奏它的乐器蟒皮琴可以在战场上大杀四方,为了得到它们,皇子们各自派出自己的心腹宦官、皇亲国戚开始了追杀、收缴。白玉堂奉包拯之命缉拿案犯,却发现包拯竟派人跟踪自己,面对突然死去的双面间谍富商、下诏的太子,同门师弟的诡异,乐谱和蟒皮琴背后的真相,案子越来越扑朔迷离了……。 |
| ● |
| 相关链接 |
|
|
|
正题名:麻辣白玉堂系列
索取号:I247.58/T088:8
 
预约/预借
| 序号 | 登录号 | 条形码 | 馆藏地/架位号 | 状态 | 备注 |
| 1 | 1635161 | 216351613 | 文学库108/108文学库 57排1列1层/ [索取号:I247.58/T088:8] | 在馆 |